Integrované modely dohledu nad finančním trhem
Nositelia dohľadu nad finančným trhom. Integrované modely inštitucionálneho usporiadania dohľadu: model jednotného finančného dohľadu model finančného dohľadu v rámci centrálnej banky, funkcionálny model finančného dohľadu. Výhody a nevýhody týchto modelov.
Salvato in:
| Autore principale: | |
|---|---|
| Natura: | Capitolo di libro |
| Lingua: | ceco |
| Soggetti: | |
| Tags: |
Nessun Tag, puoi essere il primo ad aggiungerne!!
|
MARC
| LEADER | 00000naa$a2200000$$$4500 | ||
|---|---|---|---|
| 001 | 0055675 | ||
| 005 | 20231010094325.3 | ||
| 041 | 0 | |a cze | |
| 044 | |a CZ | ||
| 245 | 1 | 0 | |a Integrované modely dohledu nad finančním trhem |c Petr Musílek |
| 520 | |a Nositelia dohľadu nad finančným trhom. Integrované modely inštitucionálneho usporiadania dohľadu: model jednotného finančného dohľadu model finančného dohľadu v rámci centrálnej banky, funkcionálny model finančného dohľadu. Výhody a nevýhody týchto modelov. | ||
| 610 | 2 | 0 | |a trh finančný |
| 610 | 2 | 0 | |a modely |
| 610 | 2 | 0 | |a banky centrálne |
| 610 | 2 | 0 | |a stabilita finančná |
| 100 | 1 | |a Musílek, Petr | |